| 000 | 00494mam a2200157 a 4500 | ||
|---|---|---|---|
| 082 |
_a516 _bMOR _cL-12, P-59 |
||
| 100 | 1 |
_aMorris, I. H. _939378 |
|
| 245 | 1 | 0 |
_aGeometrical drawing for art students / _cby I.H. Morris ; edited by J.C. Scott. |
| 260 |
_aKarachi _bEconomy Publishers _c1963 |
||
| 300 |
_a187 p. : _bill. ; _c20 cm. |
||
| 526 |
_a0 _b0 _c0 _d516_000000000000000_MOR |
||
| 650 | 0 |
_aGeometrical drawing. _92982 |
|
| 650 | 0 |
_aMCE _9379 |
|
| 700 | 1 |
_aScott, J. C. _939379 |
|
| 942 |
_2ddc _cBK |
||
| 999 |
_c543877 _d543877 |
||